| 000 | 00972nam a22002415a 4500 | ||
|---|---|---|---|
| 003 | OSt | ||
| 005 | 20170411130806.0 | ||
| 008 | 170313s2007 ua frb 000 0 ara d | ||
| 015 | _a2007 / 13607 | ||
| 020 | _a9771748238 | ||
| 040 |
_aEG-ScBUE _bara _cEG-ScBUE |
||
| 082 | 0 | 4 |
_a297.272 _bع ب د _222 |
| 100 | 1 | _aعبد الستار، فوزية. | |
| 245 | 1 | 2 |
_aالإسلام وحقوق الإنسان : _bدراسة موضوعية عن حقوق الإنسان في الإسلام وفضل الشريعة الإسلامية على العالمين / _cفوزية عبد الستار. |
| 260 |
_aالقاهرة : _bدار النهضة العربية، _c2007. |
||
| 300 |
_a200 ص. ؛ _c24 سم. |
||
| 504 | _aيشتمل على إرجاعات ببليوجرافية. | ||
| 650 | 7 |
_aالإسلام وحقوق الإنسان. _2BUEsh |
|
| 650 | 7 |
_aالإسلام والحقوق المدنية. _2BUEsh |
|
| 651 | _2BUEsh | ||
| 653 |
_bLLAAWW _cApril2017 |
||
| 942 | _2ddc | ||
| 999 |
_c24636 _d24608 |
||